000
00306nam a2200109Ia 4500
008
200302s9999 xx 000 0 und d
100
_a
Anil Markandya
245
_a
Costing Adaptation Preparing for climate change in India
260
_b
The Energy and Resources Institute
260
_c
2011
300
_a
258 P.,
999
_c
2854
_d
2854